000 01268nam a22003857a 4500
003 EG-ScBUE
005 20220616105932.0
006 m||||fq||h 00| 0
008 110523s2008 enka f 000 1 eng d
020 _a1405876638
020 _a9781405876636
020 _a9781405879132 (CD-ROM)
040 _aEG-ScBUE
_beng
_erda
_cEG-ScBUE
_dEG-ScBUE
082 0 4 _222
_a823.8
_bBRO
100 1 _920982
_aBrontë, Charlotte,‏
_d1816-1855,
_eauthor.
245 1 0 _aJane Eyre /
_cCharlotte Brontë ; retold by Ann Ward.
264 1 _aHarlow, England :
_bPearson Education Limited,
_c2008.
300 _a45 pages :
_billustrations ;
_c20 cm +
_e1 CD
336 _2rdacontent
_atext
_btxt
336 _2rdacontent
_asounds
_bsnd
337 _2rdamedia
_aunmediated
_bn
337 _2rdamedia
_aaudio
_bs
338 _2rdacarrier
_avolume
_bnc
338 _2rdacarrier
_acomputer disc
_bcd
490 0 _aPenguin readers ;
_vlevel 3
521 _aA2: Pre-Intermediate
650 7 _92847
_aGovernesses
_vFiction.
_2BUEsh
650 7 _aCountry homes
_vFiction.
_2BUEsh
650 7 _aMentally ill women
_vFiction.
_2BUEsh
651 _2BUEsh
653 _cMay2011
_bHHUUEENN
655 _vReading book
_934232
700 1 _924050
_aWard, Ann,
_econtributor.
942 _2ddc
_cBB
999 _c15374
_d15374